000 00356pam a2200157a 44500
008 230515b2001 xxu||||| |||| 00| 0 eng d
020 _aNULL
041 _aENG
082 _a613.2
100 _aJ T Hancok C J pallister
245 _aMolecular genetics
250 _a0
260 _aNULL
_b"Arnold , London, "
_c2001
300 _a184
650 _aN.D.
999 _c522672
_d522672